000 00520nam a2200205 a 4500
999 _c4140
_d4140
001 4140
003 BD-JhCC
005 20171123122744.0
008 171123s1937 uk |||| |||| 000 0 eng d
035 _a(BD-JhCC)
040 _aBD-JhCC
_dBD-JhCC
041 _aeng
082 _a823.914
_bPAR 1937
100 _aParnwell, E. C.
245 _aThe Life of The Honey-Bee /
_cE. C. Parnwell
260 _aLondon :
_bOxford University Press,
_c1937
300 _a51 p.;
_c18 cm
650 _aEnglish stories
942 _2ddc
_cBK